[Event "Vladivostok Cup op"]
[Site "Vladivostok"]
[Date "2009.03.27"]
[Round "7"]
[White "Brandt, Andrey"]
[Black "Frolov, Sergey2222"]
[Result "1-0"]
[WhiteElo "2176"]
[BlackElo "1908"]
[PlyCount "87"]
[EventDate "2009.03.21"]
[EventType "swiss"]
[EventRounds "7"]
[EventCountry "RUS"]
[SourceTitle "EXT 2012"]
[Source "ChessBase"]
[SourceDate "2011.11.24"]
[SourceVersion "1"]
[SourceVersionDate "2011.11.24"]
[SourceQuality "1"]

1. d4 Nf6 2. Nf3 e6 3. g3 b6 4. Bg2 Bb7 5. 0-0 d5 6. c4 Be7 7. b3 0-0 8. Ba3 Nbd7 9. Bxe7 Qxe7 10. Nc3 Ne4 11. Rc1 Nxc3 12. Rxc3 Rac8 13. Qc2 Rfe8 14. cxd5 Nf6 15. dxe6 fxe6 16. Qb2 Nd5 17. Rfc1 Rf8 18. Ne5 Rcd8 19. Nc6 Bxc6 20. Rxc6 h5 21. Bxd5 exd5 22. Qc2 Rf7 23. h4 Rdf8 24. e3 a5 25. Rg6 Rf5 26. Rg5 Rxg5 27. hxg5 Qxg5 28. Qxc7 h4 29. Kh2 Rf6 30. Qc8+ Kh7 31. Qh3 Rh6 32. g4 Rg6 33. Rg1 Rc6 34. f4 Qe7 35. g5 Rc2+ 36. Rg2 Rxg2+ 37. Kxg2 Qe4+ 38. Qf3 h3+ 39. Kg3 Qb1 40. Kxh3 Qxa2 41. Qh5+ Kg8 42. g6 Qxb3 43. Qe5 Kf8 44. Qe6 1-0

[Event "Vladivostok Cup op"]
[Site "Vladivostok"]
[Date "2009.03.25"]
[Round "5"]
[White "Brandt, Andrey"]
[Black "Chuhachev, Vladimir"]
[Result "1-0"]
[WhiteElo "2176"]
[BlackElo "1934"]
[PlyCount "61"]
[EventDate "2009.03.21"]
[EventType "swiss"]
[EventRounds "7"]
[EventCountry "RUS"]
[SourceTitle "EXT 2012"]
[Source "ChessBase"]
[SourceDate "2011.11.24"]
[SourceVersion "1"]
[SourceVersionDate "2011.11.24"]
[SourceQuality "1"]

1. d4 Nf6 2. Nf3 c5 3. c4 cxd4 4. Nxd4 Nc6 5. Nc3 e5 6. Ndb5 d6 7. Nd5 Nxd5 8. cxd5 Qa5+ 9. Nc3 Nb8 10. e4 Be7 11. Bd2 0-0 12. Rc1 Qd8 13. Nb5 Na6 14. Be2 Nc5 15. f3 a6 16. Nc3 Bh4+ 17. g3 Bh3 18. Bf1 Bxf1 19. Kxf1 Bg5 20. Kg2 Bxd2 21. Qxd2 a5 22. Rhf1 Qd7 23. Qe2 Rac8 24. Qb5 Rfd8 25. Rc2 Qxb5 26. Nxb5 Kf8 27. Rfc1 Ke7 28. Rc3 Kd7 29. b3 f6 30. a3 Nxb3 31. Rc7+ 1-0

[Event "Vladivostok Cup op"]
[Site "Vladivostok"]
[Date "2009.03.24"]
[Round "4"]
[White "Kopaev, Pavel"]
[Black "Brandt, Andrey"]
[Result "1-0"]
[WhiteElo "2131"]
[BlackElo "2176"]
[PlyCount "37"]
[EventDate "2009.03.21"]
[EventType "swiss"]
[EventRounds "7"]
[EventCountry "RUS"]
[SourceTitle "EXT 2012"]
[Source "ChessBase"]
[SourceDate "2011.11.24"]
[SourceVersion "1"]
[SourceVersionDate "2011.11.24"]
[SourceQuality "1"]

1. e4 d5 2. exd5 Nf6 3. d4 Nxd5 4. c4 Nb6 5. Nf3 Nc6 6. d5 Nb8 7. Nc3 c6 8. Bf4 Bg4 9. h3 Bh5 10. g4 Bg6 11. Ne5 cxd5 12. cxd5 a6 13. h4 f6 14. Nxg6 hxg6 15. Bd3 Kf7 16. h5 gxh5 17. gxh5 e5 18. dxe6+ Kg8 19. Bh7+ 1-0

[Event "Vladivostok op 03"]
[Site "Vladivostok"]
[Date "2008.03.26"]
[Round "8"]
[White "Frolov, Sergey2222"]
[Black "Brandt, Andrey"]
[Result "0-1"]
[WhiteElo "1878"]
[BlackElo "2189"]
[PlyCount "62"]
[EventDate "2008.03.22"]
[EventType "swiss"]
[EventRounds "9"]
[EventCountry "RUS"]
[SourceTitle "EXT 2022"]
[Source "ChessBase"]
[SourceDate "2021.10.06"]
[SourceVersion "1"]
[SourceVersionDate "2021.10.06"]
[SourceQuality "1"]

1. d4 d6 2. Nc3 g6 3. e4 Bg7 4. f4 Nd7 5. Nf3 c5 6. e5 cxd4 7. e6 fxe6 8. Nxd4 Nb6 9. Bb5+ Kf7 10. Ne4 h6 11. Nf3 Nf6 12. Neg5+ hxg5 13. Nxg5+ Kg8 14. Qd3 Bd7 15. Qxg6 Qe8 16. Qxe8+ Rxe8 17. Bxd7 Nbxd7 18. Nxe6 Nf8 19. Nxg7 Kxg7 20. Bd2 Ne4 21. b3 Nxd2 22. Kxd2 Ng6 23. g3 Rh5 24. c4 e5 25. g4 Rh4 26. fxe5 dxe5 27. Rae1 Nf4 28. Re3 Rh6 29. b4 Ra6 30. Ra1 Rd8+ 31. Kc3 Ra3+ 0-1

[Event "Vladivostok op 03"]
[Site "Vladivostok"]
[Date "2008.03.24"]
[Round "5"]
[White "Brandt, Andrey"]
[Black "Kalosha, Sergey"]
[Result "1/2-1/2"]
[WhiteElo "2189"]
[BlackElo "2292"]
[PlyCount "51"]
[EventDate "2008.03.22"]
[EventType "swiss"]
[EventRounds "9"]
[EventCountry "RUS"]
[SourceTitle "EXT 2022"]
[Source "ChessBase"]
[SourceDate "2021.10.06"]
[SourceVersion "1"]
[SourceVersionDate "2021.10.06"]
[SourceQuality "1"]

1. d4 d5 2. Nf3 Nf6 3. c4 c6 4. g3 Bf5 5. Nbd2 e6 6. Bg2 Ne4 7. 0-0 Nd7 8. Nh4 Nxd2 9. Qxd2 Bg4 10. b3 Be7 11. Nf3 0-0 12. Bb2 Bf5 13. Ne1 a5 14. Nd3 h6 15. Rfe1 a4 16. b4 dxc4 17. Nc5 Nxc5 18. bxc5 Bxc5 19. Qc3 Be7 20. e4 Bg6 21. d5 e5 22. dxc6 bxc6 23. Qxc4 Qc7 24. Rac1 Bb4 25. Bc3 Ba3 26. Rc2 1/2-1/2

[Event "Vladivostok op 03"]
[Site "Vladivostok"]
[Date "2008.03.23"]
[Round "4"]
[White "Brandt, Andrey"]
[Black "Petrov, Ivan2222"]
[Result "1/2-1/2"]
[WhiteElo "2189"]
[BlackElo "2187"]
[PlyCount "44"]
[EventDate "2008.03.22"]
[EventType "swiss"]
[EventRounds "9"]
[EventCountry "RUS"]
[SourceTitle "EXT 2022"]
[Source "ChessBase"]
[SourceDate "2021.10.06"]
[SourceVersion "1"]
[SourceVersionDate "2021.10.06"]
[SourceQuality "1"]

1. d4 Nf6 2. Nf3 g6 3. g3 Bg7 4. Bg2 d6 5. 0-0 0-0 6. c4 Nbd7 7. Qc2 e5 8. dxe5 Nxe5 9. Nxe5 dxe5 10. Rd1 Qe7 11. e4 c6 12. b3 Rd8 13. Ba3 Rxd1+ 14. Qxd1 Qd7 15. Nc3 Qxd1+ 16. Rxd1 Be6 17. Na4 b6 18. Bb2 Ne8 19. f4 exf4 20. gxf4 Bxb2 21. Nxb2 Rc8 22. Kf2 Kf8 1/2-1/2

[Event "DV FR-chT"]
[Site "Vladivostok"]
[Date "2007.09.30"]
[Round "2"]
[White "Klochko, Robert"]
[Black "Brandt, Andrey"]
[Result "1/2-1/2"]
[WhiteElo "2307"]
[BlackElo "2180"]
[PlyCount "138"]
[EventDate "2007.09.29"]
[EventType "team-tourn"]
[EventRounds "7"]
[EventCountry "RUS"]
[SourceTitle "EXT 2022"]
[Source "ChessBase"]
[SourceDate "2021.10.06"]
[SourceVersion "1"]
[SourceVersionDate "2021.10.06"]
[SourceQuality "1"]

1. e4 d5 2. exd5 Nf6 3. Bb5+ Bd7 4. Bxd7+ Nbxd7 5. c4 g6 6. Nf3 Bg7 7. 0-0 Nb6 8. Nc3 0-0 9. d3 Rc8 10. Bf4 Nfd7 11. Re1 Re8 12. Ne5 f6 13. Nf3 c6 14. Nd4 e5 15. dxe6 Nc5 16. Be3 Nxd3 17. Qxd3 c5 18. Nd5 cxd4 19. Nxb6 dxe3 20. Nd5 Rxe6 21. Rxe3 Rxe3 22. fxe3 Qd6 23. Rd1 Qe5 24. b3 Re8 25. Qd4 b6 26. Qxe5 Rxe5 27. Kf2 Kf7 28. Kf3 f5 29. Nc7 Re7 30. Nd5 Re6 31. Nf4 Re7 32. Rd8 Bf8 33. Nd5 Rb7 34. Rc8 a5 35. h3 Bc5 36. g4 fxg4+ 37. hxg4 Kg7 38. Rc7+ Rxc7 39. Nxc7 h5 40. Nd5 Kf7 41. a3 Bxa3 42. Nxb6 Ke6 43. Nd5 Ke5 44. gxh5 gxh5 45. Nf4 h4 46. Ng6+ Kd6 47. Nxh4 Kc5 48. Nf5 Kb4 49. Nd4 Bb2 50. c5 Kxc5 51. Nc2 Kb5 52. Ke4 Bc1 53. Kd3 a4 54. bxa4+ Kxa4 55. e4 Kb5 56. Kd4 Kc6 57. Nb4+ Kd7 58. Nd3 Bh6 59. Kd5 Bg7 60. Nf4 Ba1 61. Ne6 Ke7 62. Nf4 Kd7 63. Ne2 Ke7 64. Ng3 Ke8 65. Ke6 Kd8 66. Nh5 Ke8 67. Nf6+ Kd8 68. Nd7 Ke8 69. Nb8 Kd8 1/2-1/2

[Event "Vladivostok op"]
[Site "Vladivostok"]
[Date "2007.08.??"]
[Round "8"]
[White "Brandt, Andrey"]
[Black "Kopaev, Pavel"]
[Result "1/2-1/2"]
[WhiteElo "2184"]
[BlackElo "2154"]
[PlyCount "31"]
[EventDate "2007.08.??"]
[EventType "swiss"]
[EventRounds "9"]
[EventCountry "RUS"]
[SourceTitle "EXT 2009"]
[Source "ChessBase"]
[SourceDate "2008.11.26"]
[SourceVersion "1"]
[SourceVersionDate "2008.11.26"]
[SourceQuality "1"]

1. d4 d5 2. Nf3 Nf6 3. g3 c6 4. Bg2 e6 5. 0-0 Be7 6. c4 0-0 7. Qc2 Nbd7 8. Nbd2 h6 9. e4 dxe4 10. Nxe4 Nxe4 11. Qxe4 Nf6 12. Qe2 Qc7 13. Re1 Re8 14. Bf4 Bd6 15. Bxd6 Qxd6 16. Rad1 1/2-1/2

[Event "Vladivostok op"]
[Site "Vladivostok"]
[Date "2007.08.??"]
[Round "2"]
[White "Cherdantsev, Vladimir"]
[Black "Brandt, Andrey"]
[Result "0-1"]
[WhiteElo "1963"]
[BlackElo "2184"]
[PlyCount "67"]
[EventDate "2007.08.??"]
[EventType "swiss"]
[EventRounds "9"]
[EventCountry "RUS"]
[SourceTitle "EXT 2009"]
[Source "ChessBase"]
[SourceDate "2008.11.26"]
[SourceVersion "1"]
[SourceVersionDate "2008.11.26"]
[SourceQuality "1"]

1. d4 d6 2. Nf3 g6 3. b4 Bg7 4. c3 Nd7 5. e4 e5 6. d5 Ngf6 7. Bd3 0-0 8. h4 Nh5 9. g4 Nf4 10. h5 Nf6 11. h6 Bh8 12. Nh2 Nxd3+ 13. Qxd3 Nxg4 14. Nxg4 Bxg4 15. Qg3 Bd7 16. c4 f5 17. Nc3 Rf7 18. a4 fxe4 19. Nxe4 Qf8 20. Ra3 Bf5 21. Ng5 Re7 22. Bb2 Rae8 23. a5 e4 24. Bxh8 Kxh8 25. Qe3 Qf6 26. Rc3 Re5 27. b5 Bd7 28. Rg1 Rf5 29. Rg2 Rf8 30. Nf3 exf3 31. Qe8 Bxe8 32. Re3 Qa1+ 33. Kd2 Qd4+ 34. Kc2 0-1

[Event "Vladivostok op"]
[Site "Vladivostok"]
[Date "2007.08.??"]
[Round "7"]
[White "Tsigelnitskiy, Ilusha"]
[Black "Brandt, Andrey"]
[Result "1-0"]
[WhiteElo "2371"]
[BlackElo "2184"]
[PlyCount "78"]
[EventDate "2007.08.??"]
[EventType "swiss"]
[EventRounds "9"]
[EventCountry "RUS"]
[SourceTitle "EXT 2009"]
[Source "ChessBase"]
[SourceDate "2008.11.26"]
[SourceVersion "1"]
[SourceVersionDate "2008.11.26"]
[SourceQuality "1"]

1. e4 d5 2. exd5 Nf6 3. Bb5+ Bd7 4. Be2 Nxd5 5. d4 Bf5 6. Nf3 h6 7. 0-0 e6 8. a3 Be7 9. c4 Nb6 10. Nc3 0-0 11. Be3 Bf6 12. Rc1 Nc6 13. b4 Ne7 14. Qb3 Bh7 15. Rfd1 Nf5 16. Ne4 Nxe3 17. Nxf6+ Qxf6 18. fxe3 Rad8 19. Bd3 Nd7 20. Rf1 Bxd3 21. Qxd3 Qe7 22. e4 c6 23. e5 c5 24. bxc5 Nxc5 25. Qe3 Nd7 26. h3 Nb6 27. Nd2 Qg5 28. Qxg5 hxg5 29. Nb3 Rd7 30. Rfd1 Rc7 31. Nc5 Rfc8 32. Kf2 Nd7 33. Nxd7 Rxd7 34. Ke3 Rdc7 35. Kd3 b5 36. c5 Rc6 37. Rb1 a6 38. Rf1 Rd8 39. Kc3 Rc7 1-0